| 000 | 00741nam a2200277 i 4500 | ||
|---|---|---|---|
| 001 | C2-0281148 | ||
| 003 | PPAK | ||
| 005 | 20180728011827.0 | ||
| 008 | 070802s1983 my a|||| ||||| | eng d | ||
| 020 | _a0408005769 | ||
| 040 |
_aPPAK _beng _cPPAK _erda |
||
| 082 | 0 | 4 |
_a643 _223 |
| 090 | 0 | 0 |
_a643 _bWAT _dR |
| 100 | 1 |
_aWaters, Tony, _eauthor |
|
| 245 | 1 | 0 | _aHome protection |
| 264 | 1 |
_aButterworth, Pulau Pinang : _bButterworth & Co , _c1983 |
|
| 300 |
_a95 pages : _billustrations ; _c25 cm |
||
| 336 |
_2rdacontent _atext |
||
| 337 |
_2rdamedia _aunmediated |
||
| 338 |
_2rdacarrier _avolume |
||
| 490 | 1 | _aDo it yourself | |
| 500 | _aHome - Histoey | ||
| 650 | 1 | 0 | _aHomes - History |
| 830 | 0 | _aDo it yourself | |
| 942 |
_ddc _cB |
||
| 999 |
_c87529 _d87529 |
||